000 00327cam a22001097a 4500
008 180718b xxu||||| |||| 00| 0 eng d
082 _aXAx5413 B489
245 _aHousing : in Bihar
_cby Public Relations Department, Bihar
260 _a
_bPublic Relations Department
_c
300 _a40p.
700 _aBihar.Public Relations Department
999 _c498833
_d498833